|
|
|
|
| LEADER |
01387nam a22003257a 4500 |
| 001 |
mzk03001221782 |
| 003 |
CZ BrMZK |
| 005 |
20151022113403.0 |
| 007 |
ta |
| 008 |
130307s1551 gw d fr|||||00| ||gerod |
| 040 |
|
|
|a BOA001
|b cze
|c BOA001
|
| 072 |
|
7 |
|a 094
|x Staré tisky
|2 Konspekt
|9 12
|
| 080 |
|
|
|a (0.068)094
|2 MRF
|
| 100 |
0 |
|
|a Karel
|b V.,
|c římskoněmecký císař,
|d 1500-1558
|7 jn20000700859
|4 aut
|
| 245 |
1 |
0 |
|a Kaiser Karl des fünfften Newe Müntzordnung :
|b Sampt Valuirung der Gulden vnd Silberin Müntzen, Vnd darauff eruolgtem Kaiserlichen Edict, zu Augspurg, alles im Jar M.D.LI. aufgericht vnd aussgangen
|
| 246 |
3 |
3 |
|a Newe Müntzordnung
|
| 260 |
|
|
|a Augspurg :
|b Philipp Vlhart,
|c [1551?]
|
| 300 |
|
|
|a [30] listů ;
|c 2°
|
| 500 |
|
|
|a Výzdoba: Nad impresem dřevořez, v textu rovněž
|
| 501 |
|
|
|a Přívazek 3 k: Lanndtgerichts Ordnung des Ertzhertzogthumbs Osterreich des Lanndts ob der Enns / Ferdinand I. Habsburský
|
| 510 |
4 |
|
|a Dokoupil, V. Soupisy tisků 16. století z fondů Universitní knihovny v Brně,
|c Sv. 4, 54
|
| 655 |
|
7 |
|a staré tisky
|7 fd422076
|2 czenas
|
| 903 |
|
|
|a RP
|
| 910 |
|
|
|a BOE452
|b Mn
|
| 978 |
|
|
|b Ulhart, Philipp st.
|a Augsburg
|c 1551
|
| 984 |
|
|
|a Augsburg
|b Německo
|
| 985 |
|
|
|a 1551-1600
|
| 990 |
|
|
|a BK
|
| 991 |
|
|
|k minorite
|
| 994 |
|
|
|a UP
|l MZK03
|b 001221779
|m přívazek 3
|n záznam 1. díla (pro objednání pokračujte kliknutím)
|